000 00610nam a2200217Ii 4500
003 JO-AjNU
008 230606s9999||||xx |||||||||||||| ||und||
020 _a978-93-5388-281-5
040 _aJO-AjNU
_beng
_erda
_cJO-AjNU
041 _aeng
050 1 4 _aLB2806.M75 2020
100 3 _aMukhopdhyay,Marmar,
_eauthor
_96294
245 0 0 _aTotal Quality Management in Education
250 _a3ed
264 3 1 _aLos Angeles: SAGE,2020
300 _a266p
336 _atext
_btxt
_2rdacontent
337 _aunmediated
_bn
_2rdamedia
338 _avolume
_bnc
_2rdacarrier
650 4 _aManagement - Education
_96295
999 _aE3265
_c3261
_d3261